| 000 | 00591nam a2200217 a 4500 | ||
|---|---|---|---|
| 005 | 20140310183519.0 | ||
| 008 | 110803s19uu xx 00 eng d | ||
| 020 | _a9780071085823 | ||
| 050 |
_aHD 58.7 _b.M478 2010 |
||
| 100 | _aMcShane, Steven L. | ||
| 245 |
_aOrganizational behavior / _cSteven L. McShane |
||
| 250 | _a5th ed. | ||
| 260 |
_aNew York : _bMcGraw-Hill, _c2010. |
||
| 300 |
_a633 p. : _bcol. ill. ; _c28 cm. |
||
| 521 | _aBSBA | ||
| 650 | _aOrganizational behavior. | ||
| 700 | _aGlinow, Mary Ann von | ||
| 942 |
_cBK _2lcc _kFOR |
||
| 999 |
_c24379 _d24379 |
||